Derechos enterrados Comunidades ťnicas y campesinas en Colombia /

Detalles Bibliográficos
Autor principal: Alfonso, Tatiana
Otros Autores: Grueso, Tatiana, Prada, Magnolia, Salinas, Yamile
Formato: eBook
Lenguaje:español
Publicado: Bogot:̀ Universidad de Los Andes (Colombia), 2011
Materias:
Acceso en línea:Acceso restringido

MARC

LEADER 00000nam a22000007a 4500
005 20190418210748.0
007 cr|||| ||||
008 190418s2011 co |||||s|||| 00||0 spa d
020 |a 978-958-695-563-8 
035 |a 23294 
040 |a vLex 
090 |c 8665  |d 8665 
100 1 |a Alfonso, Tatiana 
245 1 0 |a Derechos enterrados  |h [Recurso electrn̤ico] :  |b Comunidades ťnicas y campesinas en Colombia /  |c Tatiana Alfonso, Tatiana Grueso, Magnolia Prada, Yamile Salinas 
256 |a Servicio en ln̕ea 
260 |a Bogot:̀  |b Universidad de Los Andes (Colombia),  |c 2011 
300 |a 1 recurso electrn̤ico 
506 1 |a Disponible solo en los productos indicados  |d vLex Global  |d vLex Global (Academic Edition, excluding Law Schools)  |d vLex Global (U.S. Academic Edition, Law Schools)  |d vLex Global (U.S. Academic Edition, excluding Law Schools)  |d vLex Global (Academic Edition, Law Schools) 
650 0 4 |a Derecho Pb︢lico y Administrativo  |z Colombia 
700 1 |a Grueso, Tatiana 
700 1 |a Prada, Magnolia 
700 1 |a Salinas, Yamile 
740 0 |a vLex Libros (Servicio en ln̕ea) 
856 4 0 |u http://vlex.com/source/derechos-enterrados-comunidades-etnicas-campesinas-colombia-23294  |z Acceso restringido 
942 |c BOOK 
999 0 |a Public and Administrative Law